Smart bargaining : Doing business with the Japanese

Salvato in:
Dettagli Bibliografici
Autore principale: Graham, John L.
Natura: Libro
Lingua:Undetermined
Pubblicazione: New York Cambridge 1984
Soggetti:
Tags: Aggiungi Tag
Nessun Tag, puoi essere il primo ad aggiungerne! !
Thư viện lưu trữ: Trung tâm Học liệu Trường Đại học Cần Thơ
LEADER 00523nam a2200193Ia 4500
001 CTU_79664
008 210402s9999 xx 000 0 und d
082 |a 658.4 
082 |b G741 
100 |a Graham, John L. 
245 0 |a Smart bargaining : 
245 0 |b Doing business with the Japanese 
245 0 |c John L. Graham, Yoshihiro Sano 
260 |a New York 
260 |b Cambridge 
260 |c 1984 
650 |a Commerce 
650 |z United States,Japan 
980 |a Trung tâm Học liệu Trường Đại học Cần Thơ